Hamilton An American Musical Songs - Statistics

General Stats
  • This quiz has been taken 439 times
  • The average score is 24 of 43
Answer Stats
Hint Answer % Correct
I saved every letter you wrote to me burn
95%
By providence, impoverished and squalor alexander hamilton
85%
I'm Alexander Hamiton, I'm at your service Sir aaron burr sir
83%
For you love, for your praise You'll be back
81%
The schuyler sister's are the envy of all a winter's ball
78%
Can i be real a second, for just a millisecond? right hand man
77%
Immigrants... We get the job done yorktown
77%
Some day, some day, yeah you'll blow us all away dear theodosia
76%
There are moments that the words don't reach it's quiet uptown
76%
His financial system is a work of genius who lives who dies who tells your story
73%
And when I meet Thomas Jefferson, Imma tell him to include women in the sequel the schuyler sister's
72%
Love doesn't discriminate between sinners and the saints wait for it
72%
Free thoughts on the proceedings of the Continental Congress farmer refuted
70%
I know I talk too much, I'm abrasive non stop
70%
I got a lot brains but no polish my shot
67%
If you had only heard the shit he said about you blow us all away
65%
Teach em how to say goodbye one last time
65%
Virginia my home sweet home I wanna give you a kiss what'd i miss
65%
For just a moment, a yellow sky hurricane
64%
Down for the count and I'm drowning in em helpless
62%
Don't call me son meet me inside
61%
I remember them soldier boys trippin over themselves to win our praise satisfied
61%
Life, liberty and the pursuit of happiness cabinet battle 1
60%
Screamed 'how could you?' in her face say no to this
60%
And if this child shares a fraction of your smile that would be enough
60%
Mr Hamilton come in they brought him in half an hour ago stay alive reprise
53%
There are ten things you need to know the world was wide enough
51%
You must be outta your god damn mind cabinet battle 2
50%
Burn em up and scatter their remains guns and ships
48%
Can we get back to polictics? the election of 1800
46%
And if the Tom cat can get married the story of tonight reprise
46%
Look! Grandpa's in the paper schuyler defeated
42%
Do whatever it takes to get my plan on the congress floor the room where it happens
41%
Do you know how hard it is to lead? what comes next
36%
I know that greatness lies in you history has its eyes on you
34%
And if our children tell our story The story of tonight
32%
There's a little suprise before supper and it cannot wait take a break
31%
At least I was honest with our money the reynolds pamphlet
31%
Oh prepare to bleed good man your obedient servant
31%
Im perplexed i know him
26%
Alexander come back to sleep best of wives best of women
23%
They only take British money so sing a song of sixpence Stay alive
20%
Say what? the adams administration
5%
No matching quizzes found
Score Distribution
Percent of People with Each Score
Percentile by Number Answered
Your Score History
You have not taken this quiz